Normal view
MARC view
Entry Topical Term
001 - CONTROL NUMBER
- control field: 59075
003 - CONTROL NUMBER IDENTIFIER
- control field: OSt
005 - DATE AND TIME OF LATEST TRANSACTION
- control field: 20260218144224.0
008 - FIXED-LENGTH DATA ELEMENTS
- fixed length control field: 260218|| aca||aabn | a|a d
040 ## - CATALOGING SOURCE
- Original cataloging agency: OSt
- Transcribing agency: OSt
150 ## - HEADING--TOPICAL TERM
- Topical term or geographic name entry element: Public Policy, Soil Health, Soil Organic Carbon, Agriculture, Sustainability, Climate Change Mitigation, Environmental Policy, India, Carbon Sequestration, Rural Development, Food Security, Policy Innovation
670 ## - SOURCE DATA FOUND
- Source citation: Work cat.: (OSt)527902: Arumugam, Chithra 59074, Demystify8ing soil health: Policy push for a soil organic carbon mission
